000 00642nai a2200205Ia 4500
003 IN-BaIIA
008 211028c9999 xx s 000 0 eng d
022 _a03932990 (Print)
022 _a15737284 (Online)
040 _cIIA Library
245 0 _aEuropean Journal of Epidemiology
_h[eJournal]
260 _aDordrecht, Netherlands
_bSpringer
310 _aMonthly
362 _a1(1); 1985 - 31(12); 2016
521 _bSubscribed through IIA Library
650 _a Medicine & Allied Health
_948821
650 _aHealth Sciences
_948822
856 _uhttps://www.jstor.org/journal/eurojepid
_yClick Here to Access eJournal
942 _cEJ
999 _c34348
_d34348